|
|
|
|
| LEADER |
01072nam a22002537a 4500 |
| 001 |
AAL7989 |
| 003 |
BD-DhAAL |
| 005 |
20160301154847.0 |
| 008 |
160301m20011982bg |||| |||| 001 0 mul d |
| 020 |
|
|
|a 9844102707
|
| 040 |
|
|
|a BD-DhAAL
|c BD-DhAAL
|
| 082 |
|
|
|a 190
|
| 100 |
|
|
|a ইসলাম, আমিনূল
|9 18276
|
| 245 |
|
|
|a সমকালীন পাশ্চাত্য দর্শন /
|c আমিনূল ইসলাম
|
| 260 |
|
|
|a ঢাকা :
|b মাওলা ব্রাদার্স,
|c ২০১৩
|
| 300 |
|
|
|a ৩৬৭ পৃ. ;
|c ২২ সে.মি.
|
| 500 |
|
|
|a Includes index
|
| 541 |
|
|
|e 7989
|
| 650 |
|
|
|a Philosophy
|x History
|9 18277
|
| 852 |
|
|
|a Savar Campus Library
|c General Stacks
|
| 942 |
|
|
|2 ddc
|c BK
|
| 999 |
|
|
|c 36975
|d 36975
|
| 952 |
|
|
|0 0
|1 0
|2 ddc
|4 0
|6 190_000000000000000_ISL
|7 0
|9 58231
|a SCL
|b SCL
|c GEN
|d 2016-03-01
|g 300.00
|l 0
|o 190 ISL
|p 3020007989
|r 2016-03-01
|t 1
|w 2016-03-01
|y BK
|
| 952 |
|
|
|0 0
|1 0
|2 ddc
|4 0
|6 190_000000000000000_ISL
|7 0
|9 58232
|a SCL
|b SCL
|c GEN
|d 2016-03-01
|g 300.00
|l 0
|o 190 ISL
|p 3020007988
|r 2016-03-01
|t 2
|w 2016-03-01
|y BK
|